| 000 | 00556nam a2200205Ia 4500 | ||
|---|---|---|---|
| 001 | 5743 | ||
| 003 | GE_BSU | ||
| 008 | 181216s||||||||xx |||||||||||||| ||und|| | ||
| 040 | _cGE_BSU | ||
| 080 | _a512 | ||
| 100 | _aГиндикин, С.Г. | ||
| 245 | _aАлгебра логики в задачах | ||
| 245 | _cРед. Ю.А. Гастев, В.В. Донченко | ||
| 260 | _aМосква | ||
| 260 | _bНаука | ||
| 260 | _c1972 | ||
| 300 | _a287 с. 20 см. | ||
| 653 | _aАлгебра логики в задачах | ||
| 942 | _cBK | ||
| 999 |
_c39160 _d39160 |
||